00426nam a2200121 a 450000100100000000500170001000800410002704000250006810000250009324501020011826000480022030000360026800003558820200930074444.0111103s2011 dr ac 000 0 spa d aDO-SdBNPbspacBNPHU1 aPeña, Buenaventura10aCrónicas para recordar :bpersonalidades del municipio de Piedra Blanca /cBuenaventura Peña. aSanto Domingo :bEditora Portorreal,c2011. a156 p. :bil., retrs. ;c22 cm.